| 000 | 01055nam a2200265Ia 4500 | ||
|---|---|---|---|
| 003 | OSt | ||
| 005 | 20220923211538.0 | ||
| 006 | a|||||r|||| 00| 0 | ||
| 007 | ta | ||
| 008 | 220922b |||||||| |||| 00| 0 hin d | ||
| 020 |
_a9789383099245 (hbk) _c995 |
||
| 024 | _a354,832 | ||
| 037 |
_b111, 25/12/2021, Eastern Book Linkers _cTextual |
||
| 040 |
_aARTS _cARTS _bhin |
||
| 041 |
_2hin _ahin |
||
| 082 | _aO15,1:g, 152Q9 | ||
| 100 |
_aमकवाणा, जयंतीलाल एस., ले. _9160745 |
||
| 245 | 0 | _aसंस्कृत के प्रमुख काव्यों का विवेचन | |
| 246 | _aSanskṛut ke pramukh kāvyoan kā vivechana | ||
| 260 |
_aजयपुर _b पैराडाइज पब्लिशर्स _c2019 |
||
| 300 |
_a138पृ. _ccm. |
||
| 650 |
_aसंस्कृत कविता _9156350 |
||
| 942 |
_hO15,1:g, 152Q9 _cTEXL _2CC |
||
| 999 |
_c300655 _d300655 |
||